LEADER 03248oam 2200709I 450 001 9910457319503321 005 20200520144314.0 010 $a1-134-82569-2 010 $a1-280-13973-0 010 $a0-203-98429-3 024 7 $a10.4324/9780203984291 035 $a(CKB)1000000000360894 035 $a(EBL)235142 035 $a(OCoLC)560373114 035 $a(SSID)ssj0000133912 035 $a(PQKBManifestationID)11146322 035 $a(PQKBTitleCode)TC0000133912 035 $a(PQKBWorkID)10046440 035 $a(PQKB)11652108 035 $a(MiAaPQ)EBC235142 035 $a(Au-PeEL)EBL235142 035 $a(CaPaEBR)ebr10095121 035 $a(CaONFJC)MIL13973 035 $a(OCoLC)936904043 035 $a(OCoLC)252970263 035 $a(EXLCZ)991000000000360894 100 $a20180331d1996 uy 0 101 0 $aeng 135 $aurcn||||||||| 181 $ctxt 182 $cc 183 $acr 200 00$aCurrency convertibility $ethe gold standard and beyond /$fedited by Jorge Braga de Macedo, Barry Eichengreen, and Jaime Reis 210 1$aLondon ;$aNew York :$cRoutledge,$d1996. 215 $a1 online resource (292 p.) 225 1 $aRoutledge explorations in economic history,$x1359-7892 ;$v3 300 $aDescription based upon print version of record. 311 $a0-415-51354-5 311 $a0-415-14057-9 320 $aIncludes bibliographical references and index. 327 $aPreliminaries; CONTENTS; 1 INTRODUCTION; 2 THE OPERATION OF THE SPECIE STANDARD; 3 THE ORIGINS OF THE GOLD STANDARD; 4 SHORT-TERM CAPITAL MOVEMENTS UNDER THE GOLD STANDARD; 5 THE GEOGRAPHY OF THE GOLD STANDARD Barry Eichengreen Marc Flandreau; 6 FIRST TO JOIN THE GOLD STANDARD, 1854; 7 LAST TO JOIN THE GOLD STANDARD, 1931; 8 MONETARY STABILITY, FISCAL DISCIPLINE AND ECONOMIC PERFORMANCE; 9 CONVERGING TOWARDS A EUROPEAN CURRENCY STANDARD; Index 330 $aThe spread of currency convertibility is one of the most dramatic trends of the late twentieth century. It reflects the desire of policymakers to integrate their economies into the global trading system and to attract financial capital and direct investment from abroad.In this book a team of leading international economists and economic historians look at parallel situations in the history of the international monetary system, focusing in particular on the gold standard. The concluding chapter uses a case study of modern Portugal to draw out implications for modern international monetary 410 0$aRoutledge explorations in economic history ;$v3. 606 $aMoney$xHistory$y20th century 606 $aCurrency convertibility$xHistory$y20th century 606 $aGold standard$xHistory$y20th century 608 $aElectronic books. 615 0$aMoney$xHistory 615 0$aCurrency convertibility$xHistory 615 0$aGold standard$xHistory 676 $a332.422209 676 $a332.452 701 $aMacedo$b Jorge Braga de$0120697 701 $aEichengreen$b Barry J$0318418 701 $aReis$b Jaime$0120698 801 0$bMiAaPQ 801 1$bMiAaPQ 801 2$bMiAaPQ 906 $aBOOK 912 $a9910457319503321 996 $aCurrency convertibility$92119625 997 $aUNINA LEADER 03048nam0 22006133i 450 001 VAN00250560 005 20240806101424.667 017 70$2N$a9781071605776 100 $a20220922d2020 |0itac50 ba 101 $aeng 102 $aUS 105 $a|||| ||||| 200 1 $aLectures and Surveys on G2-Manifolds and Related Topics$fSpiro Karigiannis, Naichung Conan Leung, Jason D. Lotay editors 210 $aNew York$cFields institute for research in the mathematical sciences$cSpringer$d2020 215 $axxii, 382 p.$d24 cm 410 1$1001VAN00044248$12001 $aFields Institute communications$fThe Fields Institute for Research in Mathematical Sciences$1210 $aProvidence$cAmerican mathematical society$1300 $aDal 2012 il luogo e l'editore variano in: New York : Springer$v84 500 1$3VAN00250561$aLectures and Surveys on G2-Manifolds and Related Topics$92922347 606 $a00B25$xProceedings of conferences of miscellaneous specific interest [MSC 2020]$3VANC020732$2MF 606 $a53-XX$xDifferential geometry [MSC 2020]$3VANC019813$2MF 606 $a53C10$xG-structures [MSC 2020]$3VANC024090$2MF 606 $a53C38$xCalibrations and calibrated geometries [MSC 2020]$3VANC037177$2MF 606 $a58-XX$xGlobal analysis, analysis on manifolds [MSC 2020]$3VANC019758$2MF 606 $a58D17$xManifolds of metrics (especially Riemannian) [MSC 2020]$3VANC033684$2MF 610 $aCalabi-Yau manifolds$9KW:K 610 $aCayley submanifolds$9KW:K 610 $aDolbeault cohomologies$9KW:K 610 $aEinstein metric$9KW:K 610 $aFrolicher-Nijenhuis bracket$9KW:K 610 $aGeometric flows$9KW:K 610 $aHyperkahler metrics$9KW:K 610 $aLaplacian flow$9KW:K 610 $aMinimal submanifolds$9KW:K 610 $aNormed division algebras$9KW:K 610 $aRicci soliton$9KW:K 610 $aRiemannian holonomy$9KW:K 610 $aSolitons$9KW:K 610 $aSpecial Lagrangians$9KW:K 610 $aTorsion forms$9KW:K 620 $aUS$dNew York$3VANL000011 700 1$aKarigiannis$bSpiro$3VANV204677$01249457 701 1$aLeung$bNaichung Conan$3VANV204678$01260857 701 1$aLotay$bJason D.$3VANV204679$01260858 712 $aFields Institute for Research in Mathematical Sciences$3VANV041098$4650 712 $aSpringer $3VANV108073$4650 790 1$aLotay, J.D.$zLotay, Jason D.$3VANV233943 790 1$aLotay, J. D.$zLotay, Jason D.$3VANV233944 801 $aIT$bSOL$c20250606$gRICA 856 4 $uhttp://doi.org/10.1007/978-1-0716-0577-6$zE-book ? Accesso al full-text attraverso riconoscimento IP di Ateneo, proxy e/o Shibboleth 899 $aBIBLIOTECA DEL DIPARTIMENTO DI MATEMATICA E FISICA$1IT-CE0120$2VAN08 912 $fN 912 $aVAN00250560 950 $aBIBLIOTECA DEL DIPARTIMENTO DI MATEMATICA E FISICA$d08DLOAD e-book 5012 $e08eMF5012 20220922 996 $aLectures and Surveys on G2-Manifolds and Related Topics$92922347 997 $aUNICAMPANIA LEADER 04923oam 2201033 c 450 001 9910372794003321 005 20260302090207.0 010 $a9783839408933 010 $a3839408938 024 7 $a10.14361/9783839408933 035 $a(CKB)3710000000482781 035 $a(OAPEN)1007528 035 $a(DE-B1597)461519 035 $a(OCoLC)1013957291 035 $a(OCoLC)958037392 035 $a(DE-B1597)9783839408933 035 $a(MiAaPQ)EBC5494314 035 $a(Au-PeEL)EBL5494314 035 $a(OCoLC)1049913479 035 $a(transcript Verlag)9783839408933 035 $a(MiAaPQ)EBC6955775 035 $a(Au-PeEL)EBL6955775 035 $a(oapen)https://directory.doabooks.org/handle/20.500.12854/38063 035 $a(ScCtBLL)dea63b9d-be37-427e-82b1-b58857ef229e 035 $a(oapen)doab38063 035 $a(EXLCZ)993710000000482781 100 $a20260302h20152008 uy 0 101 0 $ager 135 $auuuuu---auuuu 181 $ctxt$2rdacontent 182 $cc$2rdamedia 183 $acr$2rdacarrier 200 10$aMythos Enigma$eDie Chiffriermaschine als Sammler- und Medienobjekt$fDominik Landwehr 205 $a1st ed. 210 $aBielefeld$ctranscript Verlag$d2015 210 $d2015, c2008 215 $a1 online resource (258) 225 0 $aMedienAnalysen$v2 311 08$a9783899428933 311 08$a3899428935 327 $aFrontmatter 1 INHALT 5 GEORG CHRISTOPH THOLEN: GELEITWORT 9 DANK 11 PROLOG: DIE ENIGMA - EIN MEHRFACHES GEHEIMNIS 15 EINLEITUNG 19 TEIL 1: ENIGMA ODER DIE AUTOMATISIERUNG DER VERSCHLU?SSELUNG 35 TEIL 2: ZEITZEUGEN, WISSENSCHAFTER, SAMMLER 95 TEIL 3: DIE ENIGMA ALS OBJEKT DER MEDIEN 141 SCHLUSSBETRACHTUNG 219 ANNEX 229 Backmatter 253 330 $aDie Entschlüsselung der deutschen Chiffriermaschine »Enigma« durch die Briten gehört zu den bestgehüteten Geheimnissen des Zweiten Weltkrieges - erst 1974 wurde die Öffentlichkeit über die erfolgreichen Bemühungen informiert. Seither ist das Interesse an der »Enigma« bei Laien und Fachwelt ungebrochen. »Mythos Enigma« geht dieser Faszination in einer Feldstudie nach und nimmt die Spuren der Maschine nicht nur in Deutschland, England und in den USA, sondern auch in der Schweiz auf: Dass die geheimnisvolle Maschine aus Deutschland auch in diesem neutralen Land benutzt wurde, war bisher kaum bekannt. Die Motive von Wissenschaftlern, Sammlern und Zeitzeugen mögen unterschiedlich sein, ihre Bemühungen kommen aber auf eine geheimnisvolle Art am Schluss wieder zusammen. Ähnliches lässt sich von fiktionaler Literatur und Filmen sagen, die das Thema aufgreifen. Die Faszination von »Enigma« (lat. »Geheimnis«) ist eine Chiffre für unseren Umgang mit dem Geheimen. 330 1 $a»Wer erfahren möchte, wie aus einem Staatsgeheimnis eine Kultmaschine wird, findet dafür eine Menge anschaulicher Beispiele und medienphilosophische Hintergründe.« 330 1 $a»Das Buch ist auch für mathematische Laien verständlich und beweist gleich noch, dass Dissertationen lesbar sein können.« 330 1 $aBesprochen in:Basler Zeitung, 17.07.2008, Nathalie BaumannTages-Anzeiger, 07.11.2008, Walter Jäggi 330 1 $a»Aufgrund seiner Entdeckungen in der Schweiz beschloss Landwehr, in den Kisten der Militärhistorie nach den rätselhaften Apparaten zu wühlen. Daraus ist ein spannendes und nicht nur für Technophile lesenswertes Buch geworden, das den 'Mythos Enigma' Schicht um Schicht entblättert.« 410 0$aMedienAnalysen 517 2 $aLandwehr, Mythos Enigma$eDie Chiffriermaschine als Sammler- und Medienobjekt 606 $aKryptographie 606 $aComputer Sciences 606 $aInformatik 606 $aMuseum 606 $aComputergeschichte 606 $aMedia 606 $aMemory Culture 606 $aMedia History 606 $aSammler 606 $aMedien 606 $aGerman History 606 $aErinnerungskultur 606 $aMedia Studies 606 $aMediengeschichte 606 $aDeutsche Geschichte 606 $aMedienwissenschaft 615 4$aKryptographie 615 4$aComputer Sciences 615 4$aInformatik 615 4$aMuseum 615 4$aComputergeschichte 615 4$aMedia 615 4$aMemory Culture 615 4$aMedia History 615 4$aSammler 615 4$aMedien 615 4$aGerman History 615 4$aErinnerungskultur 615 4$aMedia Studies 615 4$aMediengeschichte 615 4$aDeutsche Geschichte 615 4$aMedienwissenschaft 676 $a652.8 686 $aST 276$2rvk 700 $aLandwehr$b Dominik$p

Dominik Landwehr, »Migros-Kulturprozent« Zürich, Schweiz

$4aut$0928234 801 0$bDE-B1597 801 1$bDE-B1597 906 $aBOOK 912 $a9910372794003321 996 $aMythos Enigma$92086026 997 $aUNINA